La renovación ideológica humanista cristiana: lo nuevo y lo antiguo de un ideal histórico concreto

Αποθηκεύτηκε σε:
Λεπτομέρειες βιβλιογραφικής εγγραφής
Κύριος συγγραφέας: Urrejola Silva, Carlos E (Συγγραφέας)
Μορφή: Βιβλίο
Γλώσσα:Ισπανικά
Έκδοση: Santiago Instituto Chileno de Estudios Humanísticos 1987
Θέματα:
Ετικέτες: Προσθήκη ετικέτας
Δεν υπάρχουν, Καταχωρήστε ετικέτα πρώτοι!

MARC

LEADER 00000nam a2200000 a 4500
001 UCW3295
003 CL-VaPUC
008 880627e19870000CL |||||||||||||||||spa|d
082 0 4 |a 144  |b URR  |2 21 
100 0 |a Urrejola Silva, Carlos E  |e author  |9 307476 
245 1 3 |a La renovación ideológica humanista cristiana: lo nuevo y lo antiguo de un ideal histórico concreto 
300 |a 127 p 
942 |c BK 
945 |d 19880627 00:00:00 
260 |a Santiago  |b Instituto Chileno de Estudios Humanísticos  |c 1987 
650 0 |a Humanismo cristiano  |9 257489 
583 |a last modification  |c 19880627 00:00:00  |k Rodrigo Vera 
999 |c 217386  |d 217384 
952 |0 0  |1 0  |4 0  |6 144_000000000000000_URR_1987  |7 0  |8 A  |9 204825  |a BIBHIS  |b BIBHIS  |d 2019-11-15  |i 2726181  |o 144 URR 1987  |p 2726181  |r 2025-01-20  |w 2019-11-15  |y BK  |k HIS 
952 |0 0  |1 0  |4 0  |6 144_000000000000000_URR_1987  |7 0  |8 A  |9 204826  |a BIBEDU  |b BIBEDU  |d 2019-11-15  |i 272619K  |l 4  |m 2  |o 144 URR 1987  |p 272619K  |q 2024-08-02  |r 2024-07-03  |s 2024-07-03  |w 2019-11-15  |y BK  |k EDU